01013nam a2200229Ia 4500003000900000008004100009020001800050040001600068080002300084111009800107245020000205260003400405300001700439650003300456650004100489650002600530700003000556700003000586942000700616999001700623952014300640IN-BaIIA211028s9999 xx 000 0 eng d a3-540-55554-4 cIIA Library a524.64(082.1)bPHY aInternational Conference Physics of Active Galactic NucleicHeidelbergd1991 June 3-7918102 0aPhysics of active galactic nucleibproceedings of the International conference, Heidelberg, 3-7 June 1991 cedited by W. J. Duschl and S. J. Wagner  aBerlinbSpringer-Verlagc1992 axviii, 716p. aActive galactic nuclei96209 aAstronomy and astrophysics thesaurus aGalactic nuclei93453 aDuschl, W. J., ed.917408 aWagner, S. J., ed.917409 cBK c10614d10614 00104070aBANbBANcGENd1993-03-10g4001.80l1o524.64(082.1)/ PHYp11525r2025-05-07s2025-05-05v4001.80w1993-03-10yBKGRs. 4001.80